The Other Side Of Paradise - Glass Animals (all lyrics) - Statistiques

Statistiques générales
  • Ce quiz a été pris 6 fois
  • Le résultat moyen est 313 sur 352
Statistiques - réponses
Réponse % Correct
a
100%
and
100%
baby
100%
blue
100%
body's
100%
but
100%
But
100%
Bye-bye,
100%
Bye-bye
100%
could
100%
don't
100%
don't,
100%
feel
100%
fucking
100%
ghost
100%
He
100%
head
100%
held
100%
I
100%
in
100%
it
100%
It
100%
it's
100%
killing
100%
know
100%
life
100%
looking
100%
My
100%
my
100%
No
100%
not
100%
now
100%
numb
100%
on
100%
over
100%
paradise
100%
phenomenon
100%
see
100%
so
100%
still
100%
stupid
100%
the
100%
The
100%
to
100%
To
100%
truth
100%
try
100%
us
100%
was
100%
we
100%
were
100%
When
100%
when
100%
where
100%
Where
100%
wicked
100%
wish
100%
wrong
100%
you
100%
young
100%
be
80%
bedsit
80%
blame
80%
blow
80%
booked
80%
boy
80%
bullet
80%
came
80%
camera
80%
Caught
80%
cold
80%
cool
80%
crazy
80%
Curled
80%
down
80%
everything
80%
Fingers
80%
fist
80%
for
80%
from
80%
girl
80%
Give
80%
gold
80%
gone
80%
gone,
80%
Gonna
80%
gonna
80%
got
80%
He's
80%
he's
80%
him,
80%
him
80%
his
80%
hit
80%
hits
80%
hoop
80%
into
80%
is
80%
keep
80%
kids
80%
knew
80%
lady
80%
left
80%
like
80%
little
80%
love
80%
lust,
80%
make
80%
maybe
80%
me,
80%
me
80%
met
80%
might
80%
miss
80%
motion
80%
never
80%
new
80%
NOLA
80%
one
80%
one-way
80%
Out
80%
payphone
80%
Pink
80%
pipe
80%
"Please
80%
rock
80%
roll
80%
run
80%
rush,
80%
said
80%
settle
80%
shook
80%
Six
80%
slow
80%
smile
80%
spoke
80%
star
80%
stay
80%
stone
80%
stuck
80%
sun
80%
Super
80%
that
80%
That
80%
that's
80%
they
80%
think
80%
thunder
80%
ticket
80%
told
80%
treat
80%
up
80%
Versace
80%
went
80%
West,
80%
who
80%
Wise
80%
wore
80%
worry"
80%
at
60%
Chasing
60%
coats
60%
feather
60%
grip
60%
Hakeem
60%
He'd
60%
jewellery
60%
jumbo
60%
pappy
60%
riches
60%
safely
60%
Screaming
60%
turns
60%
Camaro
40%
dreams
40%
Olajuwan
40%
poolside
40%
swept
40%
Aucun quiz correspondant
Distribution des résultats
% des personnes avec chaque résultat
Percentile par nombre de réponses
Votre historique - résultats
Vous n’avez pas pris ce quiz